Mesiac otvorenej spolupráce

Spoločnosť e-learnmedia, s.r.o. a jej ponuka elektronického vzdelávania pre slovenské organizácie. Mesiac otvorenej spolupráce ako možnosť získania skúseností s elektronickým vzdelávaním. Elektronické vzdelávanie priamo z kancelárie. Perspektíva zavedenia elektronického vzdelávania v organizáciách....

Full description

Saved in:
Bibliographic Details
Main Author: Ščesný, Radovan
Format: Book Chapter
Language:Slovak
Subjects:
Tags: Add Tag
No Tags, Be the first to tag this record!

MARC

LEADER 00000naa$a2200000$$$4500
001 0027111
005 20230907084204.3
041 0 |a slo 
044 |a SK 
245 1 0 |a Mesiac otvorenej spolupráce  |c Radovan Ščesný 
520 |a Spoločnosť e-learnmedia, s.r.o. a jej ponuka elektronického vzdelávania pre slovenské organizácie. Mesiac otvorenej spolupráce ako možnosť získania skúseností s elektronickým vzdelávaním. Elektronické vzdelávanie priamo z kancelárie. Perspektíva zavedenia elektronického vzdelávania v organizáciách. LMS enterprise knowledge platform (EKP) - výkonný systém na riadenie vzdelávania. 
610 2 0 |a vzdelávanie elektronické 
610 2 0 |a kurzy 
610 2 0 |a odbornosť 
610 2 0 |a kvalifikácia 
610 2 0 |a technológie informačné 
100 1 |a Ščesný, Radovan